000 00569nam a2200181 i 4500
001 76183
003 ES-MaACL
005 20230906172738.0
007 t|
008 040929s1959 sp a |||| | spa d
100 1 _aGreenstein, Jesse P.
_959870
245 1 0 _aBioquímica del cáncer /
_cJesse P. Greenstein ; traducción del inglés por Faustino Cordón.
260 _aMadrid :
_bRevista de Occidente,
_c[1959] (
_fCastilla)
300 _a802 p. :
_bil. ;
_c22 cm.
650 4 _aCáncer.
_9145907
700 1 _aCordón, Faustino.
_940557
852 _aES-MaACL
_jC-17212
999 _c76183
_d76183